Metamorfované horniny v kostce /

Main Author: Kynický, Jindřich
Corporate Author: Mendelova univerzita
Language: Czech
Published: Brno : Mendelova univerzita v Brně, 2015
Edition: Vydání: první
Subjects:
Physical Description: 111 stran : ilustrace (převážně barevné) ; 31 cm
Book
Saved in:
LEADER 01622nam a2200445 i 4500
001 nkc20162785437
003 CZ PrNK
005 20160503122721.0
007 ta
008 160321s2015 xr a e p 000 0 cze
015 |a cnb002785437 
020 |a 978-80-7509-285-4  |q (vázáno) 
035 |a (OCoLC)949216373 
040 |a BOA001  |b cze  |e rda 
072 7 |a 552  |x Petrologie  |2 Konspekt  |9 7 
072 7 |a 37.016  |x Učební osnovy. Vyučovací předměty. Učebnice  |2 Konspekt  |9 22 
080 |a 552.4  |2 MRF 
080 |a (075.8)  |2 MRF 
100 1 |a Kynický, Jindřich  |7 mzk2006320211  |4 aut 
245 1 0 |a Metamorfované horniny v kostce /  |c Jindřich Kynický a kol. 
250 |a Vydání: první 
264 1 |a Brno :  |b Mendelova univerzita v Brně,  |c 2015 
300 |a 111 stran :  |b ilustrace (převážně barevné) ;  |c 31 cm 
336 |a text  |b txt  |2 rdacontent 
336 |a statický obraz  |b sti  |2 rdacontent 
337 |a bez média  |b n  |2 rdamedia 
338 |a svazek  |b nc  |2 rdacarrier 
500 |a 200 výtisků 
504 |a Obsahuje bibliografii 
650 0 7 |a metamorfované horniny  |7 ph122773  |2 czenas 
650 0 9 |a metamorphic rocks  |2 eczenas 
655 7 |a učebnice vysokých škol  |7 fd133772  |2 czenas 
655 9 |a textbooks (higher)  |2 eczenas 
710 2 |a Mendelova univerzita  |7 ko2010541433  |4 isb 
910 2 |a BOA001  |b 4-1365.349 
990 |a BK 
995 |a 01 
991 |b 201604  |c NOV 
996 6 |b 2610665869  |c 4-1365.349  |l MZK  |r Sklad / do 1 hodiny  |n 1  |p p.v.  |w 001554570  |u 000010  |a 1  |e BOA001  |j MZK50  |s P 
996 7 |b 2610665870  |c 4-1365.349  |l MZK  |r Sklad / do 1 hodiny  |n 4  |p p.v.  |w 001554570  |u 000020  |a 1  |e BOA001  |j MZK50  |s A